Paddington's opposites / (Record no. 103432)
[ view plain ]
| 000 -LEADER | |
|---|---|
| fixed length control field | 00596nam a2200169 a 4500 |
| 005 - DATE AND TIME OF LATEST TRANSACTION | |
| control field | 20140412111302.0 |
| 008 - FIXED-LENGTH DATA ELEMENTS--GENERAL INFORMATION | |
| fixed length control field | 010502s19uu xx 00 eng d |
| 020 ## - INTERNATIONAL STANDARD BOOK NUMBER | |
| International Standard Book Number | 0-14-055765-2 |
| 050 ## - LIBRARY OF CONGRESS CALL NUMBER | |
| Classification number | TR(PS E |
| Item number | Pa13 1990 |
| 100 ## - MAIN ENTRY--PERSONAL NAME | |
| Personal name | Bond, Michael |
| 245 ## - TITLE STATEMENT | |
| Title | Paddington's opposites / |
| Statement of responsibility, etc | by Michael Bond; illustrated by John Lobban. |
| 260 ## - PUBLICATION, DISTRIBUTION, ETC. (IMPRINT) | |
| Place of publication, distribution, etc | U. S. A : |
| Name of publisher, distributor, etc | Puffin Books, |
| Date of publication, distribution, etc | 1990. |
| 300 ## - PHYSICAL DESCRIPTION | |
| Extent | 1v. (unp.) ; ill. |
| 520 ## - SUMMARY, ETC. | |
| Summary, etc | Paddington Bear show young children that learning about opposites can be fun with a helping paw and a marmalade sandwich or two. |
| 650 ## - SUBJECT ADDED ENTRY--TOPICAL TERM | |
| Topical term or geographic name as entry element | Opposites |
| Withdrawn status | Lost status | Damaged status | Home library | Current library | Shelving location | Date acquired | Source of acquisition | Cost, normal purchase price | Total Checkouts | Full call number | Barcode | Date last seen | Price effective from | Koha item type |
|---|---|---|---|---|---|---|---|---|---|---|---|---|---|---|
| Elizalde Library | Elizalde Library | Teachers Reference Section | 05/02/2001 | 119.00 | TR(PS E Pa13 1990 | E4812 | 04/12/2014 | 04/12/2014 | Books |